The earliest chemical industry : An essay in the historical relations of economics & technology illustrated from the alum trade
Contents: Antiquity, medieval technical and chemical lore, medieval trade,...
Uloženo v:
| Hlavní autor: | |
|---|---|
| Médium: | Kniha |
| Jazyk: | Undetermined |
| Vydáno: |
London
Folio Society
1948
|
| Témata: | |
| Tagy: |
Přidat tag
Žádné tagy, Buďte první, kdo otaguje tento záznam!
|
| Thư viện lưu trữ: | Trung tâm Học liệu Trường Đại học Cần Thơ |
|---|
| LEADER | 00777nam a2200217Ia 4500 | ||
|---|---|---|---|
| 001 | CTU_226622 | ||
| 008 | 210402s9999 xx 000 0 und d | ||
| 082 | |a 540.09 | ||
| 082 | |b S617 | ||
| 100 | |a Singer, Charles | ||
| 245 | 4 | |a The earliest chemical industry : | |
| 245 | 3 | |b An essay in the historical relations of economics & technology illustrated from the alum trade | |
| 245 | 0 | |c Charles Singer ; with a preface by Derek Spence | |
| 260 | |a London | ||
| 260 | |b Folio Society | ||
| 260 | |c 1948 | ||
| 520 | |a Contents: Antiquity, medieval technical and chemical lore, medieval trade,... | ||
| 650 | |a Hóa học kỹ thuật,Chemistry, Technical | ||
| 650 | |x Lịch sử,History | ||
| 910 | |b nthai | ||
| 980 | |a Trung tâm Học liệu Trường Đại học Cần Thơ | ||